Sentido inverso (Registo nº 1548)

Detalhes MARC
000 -Etiqueta do registo
Cabeçalho 00656nam0a2200229 4500
005 - Identificador da versão
Campo de controlo 20240813121839.0
021 ## - Número do Depósito Legal
Código do país PT
Número 61668/92
100 ## - Dados gerais de processamento
Dados gerais de processamento 20151008d1993 m y0pory5003 ba
102 ## - Pais de publicação ou produção
País de publicação Portugal
Localidade de publicação Lisboa
101 0# - Língua de publicação
Língua do texto, banda sonora, etc. Português
215 ## - Descrição física 
Indicação específica da natureza do documento e extensão da espécie 62 p.
Outras indicações físicas il
200 1# - Titulo e menção de responsabilidade
Título próprio Sentido inverso
Primeira menção de responsabilidade Marianela de Vasconcelos
210 ## - Publicação, Distribuição, etc. 
Lugar da edição, distribuição, etc. Carcavelos
Nome do editor, distribuidor, etc. Sol XXI
Data da publicação, distribuição, etc. 1993
300 ## - Notas gerais 
Texto da nota Livro encadernado ao inverso
606 ## - Nome comum usado como assunto
Número de registo de entrada de autoridade 0002007
Palavra de ordem Literatura portuguesa
Subdivisão de assunto Poesia
Código do sistema CA
675 ## - Classificação Decimal Universal (CDU)
Notação 821.134.3-1
Edição 3ª ed.
Língua da edição por
700 #1 - Nome de autor-pessoa física (responsabilidade principal)
Número de registo de entrada de autoridade 0002433
Palavra de ordem Vasconcelos
Outra parte do nome não tomada para palavra de ordem Marianela de
Datas 1945-2007
966 ## - Identificação da Biblioteca
Sigla EB2,3ENM
942 ## - Elementos de entrada adicionados (Koha)
Tipo de item no Koha Livro
Exemplares
Situação do levantamento Origin of item (home branch) (coded) Biblioteca de empréstimo Código de barras Cota Circulation type (not for loan) Tipo de documento Nota do exemplar Damaged status
  Biblioteca Escolar Eng. Nuno Mergulhão Biblioteca Escolar Eng. Nuno Mergulhão BENM3664 82LP-1 VAS   Livro Sem mensagem